| 000 | 01741nam a2200349Ia 4500 | ||
|---|---|---|---|
| 003 | PE SENCICO BE | ||
| 005 | 20251020182440.0 | ||
| 008 | 200515s9999 xx 000 0 und d | ||
| 020 | _a84-95279-91-6 | ||
| 040 |
_aPE SENCICO BE _cPE SENCICO BE |
||
| 041 | _aspa | ||
| 082 |
_a526.9 _bS21 |
||
| 100 | 1 |
_aSan José Blasco, José Juan de _93261 _eautor |
|
| 245 | 1 | 0 |
_aTopografía para estudios de grado / _cJosé Juan de Sanjosé Blasco, Emilio Martinez García, Mariló López González |
| 250 | _a1a ed. | ||
| 260 |
_aMadrid : _bBellisco Ediciones Técnicas y Científicas, _c2004 |
||
| 300 |
_a413 páginas : _bilustraciones, tablas, gráficos, _c24 cm. |
||
| 490 |
_aBiblioteca Técnica Universitaria ; _v10 |
||
| 504 | _aBibliografía: p. 411-413 | ||
| 505 | 0 | _aLas redes geodésicas -- Los modelos matemáticos -- Tratamiento de las redes geodésicas -- Representación de la planimetría y altimetría -- Proyecciones cartográficas -- Representación cartográfica de elementos terrestres -- Producción cartográfica en España -- Condicionantes físicas y geométricas de la fotografía -- Estereoscopía: conceptos, instrumentos y medición -- Restitución fotogramétrica -- Instrumentos topográficos -- Métodos topográficos -- Aplicaciones topográficas -- Seguridad del topógrafo | |
| 650 | 1 | 0 |
_aTopografía _94 |
| 650 | 2 | 0 |
_aInstrumentos de topografía _9997 |
| 650 | 2 | 0 |
_aGeodesia _92 |
| 650 | 2 | 0 |
_aCartografía _91 |
| 650 | 2 | 0 |
_aFotogrametría _9120 |
| 650 | 2 | 0 |
_aMétodos topográficos _91235 |
| 650 | 2 | 0 |
_aProyecciones e isometrías _9874 |
| 650 | 2 | 0 |
_aPlanimetría _91232 |
| 700 | 1 |
_93262 _aMartínez García, Emilio _eautor |
|
| 700 | 1 |
_93263 _aLópez González, Mariló _eautor |
|
| 942 |
_cLIB _2ddc |
||
| 999 |
_c510 _d510 |
||